| 000 | 00523nam a2200205 a 4500 | ||
|---|---|---|---|
| 001 | BRCA_3850 | ||
| 005 | 20190320204440.0 | ||
| 008 | 161209s1932----mx-a######---#000-0#spa-# | ||
| 041 | _aspa | ||
| 044 | _amx | ||
| 050 | 4 |
_aF1386 _b.C58 1932 |
|
| 245 | 1 | 0 | _aLa ciudad de México. |
| 260 |
_aMéxico _bCultura _c1932 |
||
| 300 |
_a76 p. _bil., láminas _c18 cm. |
||
| 440 | 0 |
_aMonografías mexicanas _910026 |
|
| 500 | _aB70 | ||
| 651 | 4 |
_aMéxico (Ciudad) _vDescripción y viajes _910027 |
|
| 902 | _aGFM | ||
| 942 |
_2lcc _cB |
||
| 999 |
_c3578 _d3578 |
||